00342nam a2200109Ia 450000500170000000800410001710000260005824500930008426000200017730000110019765000240020820260328101451.0260328s9999||||xx |||||||||||||| ||und|| aBeylerian, George M.  0aUltramaterials :b How Materials innovation is Changing the World /cGeorge M. Beylerian bThames & Hudson a287 p. aDISEÑO INDUSTRIAL